Aspectos polm̊icos e atuais do direito e processo do trabalho

Detalles Bibliográficos
Autor principal: Cunha Franco, Dilziane Endo da
Formato: eBook
Lenguaje:portugués
Publicado: San Pablo: Editora NELPA, 2012
Materias:
Acceso en línea:Acceso restringido

MARC

LEADER 00000nam a22000007a 4500
005 20150408230241.0
007 cr|||| ||||
008 150408s2012 br |||||s|||| 00||0 por d
020 |a 978-85-8020-251-9 
035 |a 12669 
040 |a vLex 
090 |c 5400  |d 5400 
100 1 |a Cunha Franco, Dilziane Endo da 
245 1 0 |a Aspectos polm̊icos e atuais do direito e processo do trabalho  |h [Recurso electrn̤ico] /  |c Dilziane Endo da Cunha Franco 
256 |a Servicio en ln̕ea 
260 |a San Pablo:  |b Editora NELPA,  |c 2012 
300 |a 1 recurso electrn̤ico 
500 |a Esta obra traz artigos de temas controvertidos e atuais do direito e processo laboral, demonstrando as grandes mudanȧs ocorridas no mundo do trabalho. Refletem a necessidade de atualizaȯ̂ e discussô da legislaȯ̂ trabalhista em vigor, preservando a proteȯ̂ do trabalhador e de sua dignidade. 
506 1 |a Disponible solo en los productos indicados  |d vLex Global  |d vLex Global (Academic Edition, excluding Law Schools)  |d vLex Global (U.S. Academic Edition, Law Schools)  |d vLex Global (U.S. Academic Edition, excluding Law Schools)  |d vLex Global (Academic Edition, Law Schools) 
650 0 4 |a Derecho Civil  |z Brasil 
650 0 4 |a Derecho Laboral y Seguridad Social  |z Brasil 
650 0 4 |a Derecho Procesal  |z Brasil 
650 0 4 |a Procedimiento Laboral  |z Brasil 
740 0 |a vLex Libros (Servicio en ln̕ea) 
856 4 0 |u http://vlex.com/source/aspectos-pol-micos-e-atuais-do-direito-e-processo-do-trabalho-12669  |z Acceso restringido 
942 |c BOOK 
999 0 |a Civil Law 
999 0 |a Labor and Social Security 
999 0 |a Litigation 
999 0 |a Labour Procedure